000
00294nam a22001337a 4500
008
170614b xxu||||| |||| 00| 0 eng d
020
_a
9780192801579
041
_a
eng
080
_a
327
100
_a
19
101
_a
SHP
245
_a
INTERNATIONAL RELATIONS
_c
WILKINSON.P
942
_2
udc
_c
BK
999
_c
17263
_d
17263